| 000 | 00524nam a22001817a 4500 | ||
|---|---|---|---|
| 082 |
_aP-829 _cSyn-30 |
||
| 100 |
_aMuhammad Saqib Sodagar _951566 |
||
| 245 | _aDesign, construction and operation of eccentric mass vibrator | ||
| 260 |
_aRisalpur, _bMCE, _c2019. |
||
| 300 |
_a103p. _c30cm. |
||
| 526 |
_a0 _b0 _c0 _dP_829 |
||
| 700 |
_aBilal Nasir _951567 |
||
| 700 |
_aBillal Ghaffar _951568 |
||
| 700 |
_aJawan Bakht _951569 |
||
| 700 |
_aMaj Dr Muhammad Rizwan _948119 |
||
| 700 |
_aZaafir Riaz _951570 |
||
| 942 |
_2ddc _cBK |
||
| 999 |
_c554236 _d554236 |
||